[Event "2nd Irena Warakomska Memorial-A"]
[Site "Suwalki"]
[Date "2018.08.08"]
[Round "9"]
[White "Goluch, Piotr"]
[Black "Fus, Jakub"]
[Result "1-0"]
[WhiteElo "2301"]
[BlackElo "2210"]
[Annotator "TA"]
[PlyCount "143"]
[EventDate "2018.08.01"]
[EventType "swiss"]
[EventCountry "POL"]
[SourceTitle "playchess.com"]
[Source "ChessBase"]
[SourceQuality "1"]

{[%evp 16,143,16,12,9,10,12,0,0,22,17,-10,44,10,60,57,64,49,51,12,12,12,12,12,12,0,12,0,20,0,38,35,38,40,43,40,37,40,37,0,0,0,16,0,16,12,74,29,53,22,79,91,89,23,126,57,90,96,81,99,95,80,163,161,143,58,78,97,73,7,7,10,10,10,17,0,0,0,0,0,0,0,18,19,26,0,0,0,0,0,0,0,0,0,0,0,0,0,0,0,0,0,0,0,0,0,0,0,0,0,0,0,0,0,0,0,0,0,0,0,0,-18,0,-32,-18,-47,0,0,29997,29998]} 1. e4 e5 2. Nf3 Nc6 3. Bb5 a6 4. Ba4 Nf6 5. d3 b5 6. Bb3 Be7 7. a4 b4 {C77: Ruy Lopez: 3...a6 4 Ba4 Nf6, unusual lines} 8. Nbd2 d6 9. Nc4 {LiveBook: 4 Games} Rb8 $146 {The position is equal.} ({Predecessor:} 9... O-O 10. h3 Be6 11. O-O h6 12. a5 Rb8 13. Be3 Qc8 14. Re1 Qb7 15. Qe2 {1-0 (62) Naiditsch,A (2702)-Panchanathan,M (2481) Douglas 2017}) 10. a5 O-O 11. h3 Nd7 12. Be3 Bf6 13. O-O Bb7 (13... Nd4 $11) 14. Re1 Nc5 15. Bxc5 $1 dxc5 16. Ba4 Qe7 17. Bxc6 Bxc6 18. Qe2 g6 19. Qe3 Bb5 20. Rad1 Rfd8 21. Nfd2 (21. g3 {keeps more tension.} h5 22. Nfd2 Bd7 23. h4 Ba4 24. Rc1) 21... Bg5 22. Qf3 (22. Qe2 {with more complications.} f6 23. Nf3 Bh6 24. h4 Bd7 25. Nfd2) 22... Bxd2 23. Nxd2 Bd7 24. Qg3 f6 25. f4 exf4 26. Qxf4 Be6 27. e5 f5 28. Nf3 Rd7 29. b3 Rbd8 30. h4 Kh8 (30... Qg7 $11 {keeps the balance.}) 31. Kf2 Rg8 32. Rh1 Rd5 (32... Qf8 $11) 33. Rde1 $16 Rd7 34. Re3 (34. g3 $16) 34... Rdd8 {[#]} (34... Qg7 $11) 35. Rh3 (35. Qg5 $1 $16 {[%cal Rg5e7]} Rde8 36. Qf6+ Rg7 37. Ng5) 35... Rd7 36. Rg3 Rdd8 37. Re1 Rg7 38. Qh6 Rf8 (38... Bd5 $16 {keeps fighting.}) 39. h5 $18 Rfg8 {[#]} 40. Rxg6 ({Better is} 40. Rg5 $1 $16) 40... Rxg6 $14 41. hxg6 Rxg6 42. Qh4 (42. Qf4 $16) 42... Qxh4+ $11 43. Nxh4 {[%mdl 4096] Endgame KRB-KRN} Rg4 44. Nf3 Kg7 45. Nh2 Rh4 46. Kg3 Rh6 $1 {aiming for ...f4+!} 47. Nf3 Rg6+ 48. Kf2 Rg4 49. Rh1 Bd5 50. e6 Bxe6 51. Re1 Kf6 52. Rh1 Kg7 53. Re1 Kf6 54. Rh1 $1 Bg8 55. Rh6+ Rg6 56. Rh4 Rg4 {With the idea ...Rxh4.} 57. Rh6+ Rg6 58. Rh4 Ke6 59. d4 Kd6 60. dxc5+ Kxc5 61. Ne5 Rd6 62. Nd3+ Kb5 63. Rxb4+ Kxa5 64. Rb8 Bd5 65. Nc5 {[%csl Gb8][%cal Rb3b4]} Rb6 66. Rd8 Rd6 67. Rb8 $1 {[%csl Gb8][%cal Rb3b4]} Rb6 68. Rd8 c6 69. Nd3 Rb7 70. g3 Be4 71. Nc5 Re7 $2 {[%mdl 8192]} (71... Rb6 $11 72. Nxe4 fxe4) 72. Rb8 {Precision: White = 53%, Black = 47%.} 1-0

[Event "2nd Irena Warakomska Memorial-A"]
[Site "Suwalki"]
[Date "2018.08.08"]
[Round "9"]
[White "Kowalski, Igor"]
[Black "Maj, Pawel"]
[Result "1/2-1/2"]
[WhiteElo "2294"]
[BlackElo "1521"]
[Annotator "TA"]
[PlyCount "49"]
[EventDate "2018.08.01"]
[EventType "swiss"]
[EventCountry "POL"]
[SourceTitle "playchess.com"]
[Source "ChessBase"]
[SourceQuality "1"]

{[%evp 18,49,-15,-12,11,11,25,11,10,10,5,0,12,-21,0,0,0,-31,-17,-45,-12,-27,-10,-10,-8,-20,-15,-37,-38,-38,-39,-36,-32,-44]} 1. d4 Nf6 2. c4 e6 3. Nc3 Bb4 4. Qc2 O-O 5. Nf3 d5 6. cxd5 exd5 7. Bg5 {E32: Nimzo-Indian: Classical (4 Qc2): 4...0-0} (7. Bf4 Nbd7 8. e3 Re8 9. Bd3 c5 10. a3 Bxc3+ 11. Qxc3 c4 12. Bc2 Ne4 13. Bxe4 dxe4 14. Nd2 b5 {½-½ (63) Nakamura,H (2792)-Aronian,L (2799) Saint Louis 2017}) 7... h6 8. Bxf6 Qxf6 9. e3 c6 10. Bd3 {LiveBook: 5 Games} Re8 11. O-O Nd7 12. e4 dxe4 13. Nxe4 Qd8 14. a3 Be7 $146 ({Predecessor:} 14... Ba5 15. b4 Bb6 {½-½ (24) Zaudtke,F (1490)-Hintyes,H (1758) Nuremberg 2000}) 15. Ng3 Nf8 16. Rfe1 Be6 17. Bf5 Bd6 18. Ne5 Qb6 19. Bxe6 Rxe6 20. Nf5 {[#] Threatens to win with Nc4.} Bxe5 21. Rxe5 Rae8 22. Rae1 Qa5 {Black is slightly better.} 23. Qc3 (23. Rxa5 $2 {is a self mate.} Rxe1#) 23... Qxc3 24. bxc3 Rxe5 25. dxe5 {Precision: White = 21%, Black = 45%.} 1/2-1/2

[Event "2nd Irena Warakomska Memorial-A"]
[Site "Suwalki"]
[Date "2018.08.08"]
[Round "9"]
[White "Kyc, Jerzy"]
[Black "Socko, Monika"]
[Result "1/2-1/2"]
[WhiteElo "2283"]
[BlackElo "2466"]
[Annotator "TA"]
[PlyCount "94"]
[EventDate "2018.08.01"]
[EventType "swiss"]
[EventCountry "POL"]
[SourceTitle "playchess.com"]
[Source "ChessBase"]
[SourceQuality "1"]

{[%evp 23,94,8,13,0,0,0,29,-26,-20,-22,-29,-27,-22,-29,-31,-21,-23,-41,-18,-36,-26,-17,0,0,0,-11,-5,-4,-4,-39,-13,-27,-15,-34,-32,-38,-28,-41,-37,-39,-25,-26,-27,-39,-18,-46,-47,-47,-29,-27,-23,-81,-49,-83,-83,-83,-83,-89,-89,-89,-89,-89,-77,-89,-83,-82,-68,-114,0,0,0,0,0]} 1. e4 c5 2. Nf3 Nc6 3. d4 cxd4 4. Nxd4 g6 5. Nc3 Bg7 6. Be3 Nf6 7. Nxc6 bxc6 8. e5 Ng8 9. Bd4 f6 10. Qe2 {B34: Sizilianisch (Beschleunigtes Fianchetto)} fxe5 11. Bxe5 Nf6 12. O-O-O O-O {LiveBook: 3 Partien} 13. f3 Qa5 14. Bd4 $146 ({Vorgänger:} 14. g4 d6 15. Bd4 e5 16. Qc4+ d5 17. Qc5 Qxc5 18. Bxc5 {1-0 (55) Kyc,J (2265)-Hracek,Z (2592) Katowice 2017}) 14... Rf7 15. Qc4 (15. Qe1 $142) 15... e5 $11 16. Qc5 Qxc5 17. Bxc5 d5 18. Bd3 Bf5 19. Rhe1 Re8 20. Bd6 Nd7 21. Na4 Bh6+ 22. Kb1 Bf8 23. Bxf8 Kxf8 24. b3 h5 25. Rd2 Rfe7 26. Nc3 Nc5 27. Kc1 a5 28. Nd1 Kf7 29. Nf2 Kf6 30. Rde2 Rb8 31. Kd2 Rb4 32. c3 Rb8 33. Bc2 Rd8 (33... Nb7 {seems wilder.} 34. Bxf5 gxf5 35. Nd3 e4 36. Nf4 h4) 34. Nd3 Nxd3 35. Bxd3 c5 36. h4 Rb8 37. Kc2 (37. Ba6 $11) 37... Rbb7 38. Rd1 {Lxf5 ist eine echte Drohung.} e4 39. fxe4 dxe4 40. Bc4 e3+ {[%cal Be4e3,Be3e2][%mdl 32]} 41. Kc1 Bg4 42. Rf1+ Kg7 43. Ree1 e2 44. Rf2 Rb6 45. Bd5 {[#]} Rd6 ({Günstiger ist} 45... a4 $1 $17 {[%mdl 512] zielt auf ...axb3 ab.} 46. Bf3 (46. bxa4 Rd7) 46... Bxf3 47. gxf3 axb3 48. axb3 Rxb3) 46. Bf3 $1 Bxf3 47. Rxf3 Re4 {Precision: Weiß = 53%, Schwarz = 71%.} 1/2-1/2

[Event "2nd Irena Warakomska Memorial-A"]
[Site "Suwalki"]
[Date "2018.08.08"]
[Round "9"]
[White "Paszewski, Mateusz"]
[Black "Punin, Andrii"]
[Result "1/2-1/2"]
[WhiteElo "2274"]
[BlackElo "2339"]
[Annotator "TA"]
[PlyCount "87"]
[EventDate "2018.08.01"]
[EventType "swiss"]
[EventCountry "POL"]
[SourceTitle "playchess.com"]
[Source "ChessBase"]
[SourceQuality "1"]

{[%evp 12,87,18,18,25,20,20,20,20,20,17,28,26,33,33,33,36,22,39,35,43,29,33,33,44,43,45,46,57,50,52,50,73,57,84,88,99,102,114,97,136,135,137,139,133,136,154,158,141,121,116,110,106,119,121,110,97,115,108,106,104,101,98,85,97,58,58,47,47,47,47,0,0,0,35,0,0,0]} 1. e4 c6 2. d4 d5 3. exd5 cxd5 4. Bd3 Nc6 5. c3 Qc7 6. Ne2 Bg4 7. O-O {LiveBook: 111 Games. B13: Caro-Kann: Exchange Variation and Panov-Botvinnik Attack} Bh5 8. f4 e6 9. Qe1 Bd6 10. Ng3 Nf6 11. Nxh5 Nxh5 12. g3 g6 $146 ({Predecessor:} 12... Nf6 13. Nd2 h5 14. Nf3 Kf8 {1-0 (43) Kovalev,V (2641)-Svane,R (2586) Moscow 2018}) 13. Nd2 O-O 14. Nf3 Rae8 15. Bd2 f5 16. Qe2 Nf6 17. Rac1 Qb6 18. Be3 Ng4 {next ...e5! is good for Black.} 19. Bf2 Re7 20. Kg2 Rfe8 21. h3 Nxf2 22. Rxf2 h6 23. h4 h5 24. Bb5 a6 25. Bxc6 bxc6 {[#]} 26. b4 $1 a5 27. a3 Ra7 28. Qe1 Bf8 29. Re2 Rae7 30. Qd2 Bg7 31. Ne1 {[%cal Bf3e1,Be1d3,Bd3c5][%mdl 32]} axb4 32. axb4 Ra7 33. Nd3 Qb5 34. Nc5 Qc4 35. Rc2 Ra1 36. Qd3 Qxd3 37. Nxd3 Kf7 38. Nc5 Ra3 39. Kf1 Bf8 40. Nd3 Bd6 41. Re1 Rea8 42. Ke2 Ra2 43. Rec1 Ke7 44. Kd2 {Precision: White = 77%, Black = 65%.} 1/2-1/2

[Event "2nd Irena Warakomska Memorial-A"]
[Site "Suwalki"]
[Date "2018.08.08"]
[Round "9"]
[White "Marszalek, Maciej"]
[Black "Wacior, Maciej"]
[Result "1-0"]
[WhiteElo "2269"]
[BlackElo "2081"]
[Annotator "TA"]
[PlyCount "131"]
[EventDate "2018.08.01"]
[EventType "swiss"]
[EventCountry "POL"]
[SourceTitle "playchess.com"]
[Source "ChessBase"]
[SourceQuality "1"]

{[%evp 27,131,40,31,31,35,36,62,35,52,25,27,28,38,23,16,16,20,14,35,28,45,27,30,-36,9,6,48,17,18,0,16,8,18,14,43,31,35,23,31,22,86,89,88,80,84,93,452,196,440,289,281,222,229,181,267,234,237,206,294,212,219,204,213,202,200,203,240,219,816,797,1198,1064,1132,1059,1334,1338,1325,1304,1325,1229,1199,1200,1184,1189,1050,999,979,962,666,611,1591,1637,1696,1487,1343,1254,1623,1579,6025,5978,5409,5639,4133,4133,29984,29985]} 1. Nf3 Nf6 2. d4 d5 3. c4 e6 4. g3 c6 5. Bg2 Bd6 6. O-O Nbd7 7. Qd3 O-O 8. Nc3 dxc4 9. Qxc4 e5 10. Rd1 Qc7 11. Bg5 {E01: Katalanisch} (11. Qb3 a6 12. h3 h6 13. Be3 Re8 14. d5 c5 15. a4 c4 16. Qa2 Rb8 17. Nd2 b5 18. axb5 axb5 {1-0 (34) Kazhgaleyev,M (2653)-Lovik,L (2379) Rijeka 2009}) 11... h6 12. Bxf6 Nxf6 13. dxe5 Bxe5 14. Nxe5 Qxe5 {LiveBook: 7 Partien} 15. Qd4 Qh5 16. Rd2 Bh3 $146 ({Vorgänger:} 16... Be6 17. Rad1 {1-0 (17) Storey,S-Tomazini,Z ICCF email 2006}) 17. Rad1 Rfe8 18. f3 Be6 19. e4 Qa5 20. Bf1 Rad8 21. Qf2 a6 22. Kg2 h5 23. h4 Rd7 24. Rxd7 Nxd7 25. f4 (25. Be2 $11) 25... Bg4 26. Rd2 b5 27. a3 Qc7 28. b4 a5 29. Kh2 axb4 30. axb4 Ra8 31. Bg2 Ra3 32. Rd3 {Und Sxb5! würde nun gewinnen.} Qb6 33. Qb2 Ra7 {[#]} (33... Ra6 $1 $11) 34. e5 $1 $16 Be6 35. Rd6 Qe3 36. Bxc6 Nb6 $2 {[%mdl 8192]} (36... g5 $16 {leistet mehr Widerstand.} 37. Bxd7 (37. fxg5 Nxe5 38. Rd8+ Kg7 $14) (37. hxg5 h4 $15) 37... gxf4 38. Bxe6 Qxg3+ 39. Kh1 Qe1+ 40. Kg2 Ra1 41. Bxf7+ Kf8) 37. Bxb5 (37. Qc2 $142 {[%cal Rd6d8]} Nd7 38. Nd1 (38. Nxb5 $2 Ra2 $19) (38. Bxb5 Ra3 $18)) 37... g5 $2 (37... g6 {ist eine bessere Verteidigung.} 38. Rd3 Qe1) 38. Rd3 Qe1 39. Rd1 (39. fxg5 $6 Ra1 $18) 39... Qe3 40. Qd2 (40. hxg5 h4 $11) 40... Qxd2+ (40... gxf4 {war angesagt.} 41. Qd8+ (41. gxf4 Qh3+ 42. Kg1 Qxh4 $16) 41... Kh7 42. Bd3+ Kg7 43. Qg5+ Kf8 44. Qh6+ (44. Qxf4 Nd5 $16) (44. gxf4 Qf2+ 45. Kh1 Bd5+ 46. Nxd5 Qf3+ 47. Qg2 Qxd1+ 48. Kh2 Qxd3 $19) 44... Ke7 45. Qxf4 Qxf4 46. gxf4 Ra3) 41. Rxd2 $18 gxf4 42. gxf4 Ra3 (42... Kg7 $142 43. Be2 Ra3) 43. Rd3 Rb3 44. Ne4 Rb2+ 45. Kg1 Rb1+ {[#]} 46. Kf2 $1 {Droht Sf6+ und aus.} Rb2+ 47. Ke1 {Schwarz muss nun Sf6+ beachten.} Nd5 $2 {[#]} (47... Rb1+ 48. Kf2 Rb2+ 49. Kg3 Rxb4) 48. Rxd5 $1 Bxd5 {[%mdl 4096] Endspiel KTL-KLS} 49. Nf6+ Kg7 50. Nxd5 Rh2 51. Be2 Rxh4 52. b5 {[%cal Bb4b5,Bb5b6][%mdl 32]} Rh3 53. b6 h4 54. Kd2 Ra3 55. b7 Rb3 56. Ne3 Rxb7 57. Nf5+ Kf8 58. Nxh4 Rb6 59. Bc4 Rb2+ 60. Ke3 Rc2 61. Bd5 Rc3+ 62. Ke4 Rh3 63. Nf5 Rh1 64. Nd6 Re1+ 65. Kf5 f6 66. Kxf6 {Precision: Weiß = 64%, Schwarz = 36%.} 1-0

[Event "2nd Irena Warakomska Memorial-A"]
[Site "Suwalki"]
[Date "2018.08.08"]
[Round "9"]
[White "Bugalski, Michal"]
[Black "Dmochowska, Agnieszka"]
[Result "1-0"]
[WhiteElo "2263"]
[BlackElo "2096"]
[Annotator "TA"]
[PlyCount "37"]
[EventDate "2018.08.01"]
[EventType "swiss"]
[EventCountry "POL"]
[SourceTitle "playchess.com"]
[Source "ChessBase"]
[SourceQuality "1"]

{[%evp 10,37,33,9,41,29,24,29,31,27,48,42,43,41,43,41,360,362,400,396,431,431,421,412,431,423,426,433,495,480]} 1. e4 c5 2. c3 e6 3. d4 d5 4. exd5 exd5 5. Nf3 a6 6. Qe2+ {LiveBook: 3 Games. B22: Sicilian: 2 c3} (6. Be2 Nc6 7. O-O Bd6 8. c4 Nge7 9. Nc3 cxd4 10. Nxd5 Bc5 11. Nxe7 Bxe7 12. h3 O-O 13. Bd3 Be6 14. Re1 Bf6 {½-½ (42) Swiercz,D (2636)-Cordova,E (2637) Atlantic City 2016}) 6... Qe7 7. dxc5 Qxe2+ 8. Bxe2 {White has an edge.} Bxc5 9. Nbd2 Nc6 10. Nb3 Bb6 $146 ({Predecessor:} 10... Bd6 11. Be3 Nge7 12. O-O Bg4 13. Rad1 O-O-O {½-½ (32) Schneider,I (2132)-Stark,L Dortmund 2001}) 11. Nfd4 $36 {[%cal Bf3d4,Bd4c6,Bc6e5][%mdl 2080] Black is under pressure.} Nf6 12. Be3 Ng4 $2 {[%mdl 8192] [#]} ({Black should try} 12... Ne5 $14) 13. Bxg4 $1 $18 Bxg4 {[#]} 14. Nxc6 $1 Bxe3 15. Ne5 ({Not} 15. fxe3 bxc6 16. O-O O-O $11) 15... Bxf2+ 16. Kxf2 Be6 17. Rhe1 {White is clearly winning.} O-O 18. Nd4 b5 19. a4 {Precision: White = 73%, Black = 28%.} 1-0

[Event "2nd Irena Warakomska Memorial-A"]
[Site "Suwalki"]
[Date "2018.08.08"]
[Round "9"]
[White "Sowul, Bartosz"]
[Black "Jankowiak, Tomasz"]
[Result "0-1"]
[WhiteElo "2257"]
[BlackElo "2117"]
[Annotator "TA"]
[PlyCount "62"]
[EventDate "2018.08.01"]
[EventType "swiss"]
[EventCountry "POL"]
[SourceTitle "playchess.com"]
[Source "ChessBase"]
[SourceQuality "1"]

{[%evp 26,62,52,50,67,37,89,83,86,0,29,0,0,0,0,0,11,-331,-345,-457,-440,-430,-420,-483,-342,-408,-427,-435,-439,-437,-429,-408,-374,-888,-472,-2340,-2539,-29989,-29990]} 1. d4 d5 2. c4 c6 3. Nf3 Nf6 4. Nc3 e6 5. Bg5 Nbd7 6. cxd5 exd5 7. e3 Be7 8. Bd3 O-O 9. Qc2 Re8 10. h3 Nf8 11. Bf4 Ne6 12. Be5 {D36: Queen's Gambit Declined: Exchange Variation: Main line (5 Bg5 c6 6 Qc2)} g6 13. g4 Ng7 14. O-O-O {LiveBook: 8 Games. White is slightly better.} b5 {[#]} 15. Rdg1 $146 ({Predecessor:} 15. Kb1 a5 16. Bg3 Qb6 17. Ne5 Nd7 18. f3 Nxe5 19. Bxe5 Bh4 {1-0 (40) Edouard,R (2635)-Motycakova,M (2185) London 2015}) 15... a5 (15... Bd7 $14) 16. Bxf6 Bxf6 17. g5 (17. h4 $16) 17... Be7 $11 {[%cal Bf6e7,Be7d6,Bd6g3][%mdl 32]} 18. Ne5 Qb6 19. h4 Nh5 20. f4 Bd6 21. Nxf7 $2 {[%mdl 8192]} (21. Kb1 $11 {and White has nothing to worry.}) 21... Kxf7 $19 22. f5 {[%cal Rf5g6]} Rxe3 23. fxg6+ Kg7 24. gxh7 Ng3 25. Rxg3 Bxg3 26. Ne2 {[#] Strongly threatening g6.} Bg4 27. h5 Bxe2 28. Bxe2 {White wants to mate with Qg6+.} Qxd4 29. Qxc6 $2 (29. h6+ Kh8 30. g6) 29... Rae8 30. h6+ (30. h8=R $142 R3e6 31. Qc3 Qxc3+ 32. bxc3 Rxh8 33. Kd1) 30... Kh8 {[#] ( -> ...Bf4)} 31. g6 Rxe2 {Precision: White = 32%, Black = 63%.} 0-1

[Event "2nd Irena Warakomska Memorial-A"]
[Site "Suwalki"]
[Date "2018.08.08"]
[Round "9"]
[White "Kumala, Aleksander"]
[Black "Praczukowski, Stanislaw"]
[Result "1-0"]
[WhiteElo "2238"]
[BlackElo "2136"]
[Annotator "TA"]
[PlyCount "51"]
[EventDate "2018.08.01"]
[EventType "swiss"]
[EventCountry "POL"]
[SourceTitle "playchess.com"]
[Source "ChessBase"]
[SourceQuality "1"]

{[%evp 12,50,21,7,21,0,0,-3,4,-13,20,0,5,18,27,32,31,6,2,-25,-8,-1,25,30,38,0,180,19,18,0,618,612,29970,29970,29996,29997,29997,29998,29998,29999,29999]} 1. d4 Nf6 2. Bg5 Ne4 3. h4 h6 4. Bf4 d5 5. Nd2 Nf6 (5... Nxd2 6. Qxd2 Bf5 7. e3 e6 8. f3 Bd6 9. Ne2 Nc6 10. Ng3 Bxf4 11. Nxf5 exf5 12. exf4 Qe7+ {½-½ (26) Sethuraman,S (2656)-Arabidze,M (2360) Benasque 2016}) 6. e3 {A45: Trompowsky Attack} e6 7. Bd3 {LiveBook: 3 Games} Bd6 8. Bxd6 $146 {The position is equal.} ({Predecessor:} 8. Ne2 Nbd7 9. Nf3 Bxf4 10. Nxf4 c5 11. c3 Qb6 {1-0 (21) Carlstedt,J (2403)-Dietze,F (2154) Heusenstamm 2017}) 8... Qxd6 9. Ngf3 c5 10. e4 dxe4 (10... Qb6 {feels hotter.} 11. exd5 Nxd5 12. Nc4 Qc7 13. Qe2 Nd7) 11. Nxe4 Nxe4 12. Bxe4 Nc6 {[%cal Rc6d4]} 13. dxc5 Qxc5 14. Bxc6+ (14. c3 {looks sharper.} O-O 15. O-O Ne7 16. Re1 Qc7 17. Qe2) 14... Qxc6 15. Qd4 O-O 16. O-O-O b6 17. Ne5 Qc7 18. Rh3 Bb7 $2 (18... f6 $1 $11 {and Black has nothing to worry.} 19. Ng4 Qf7) 19. Rg3 $2 (19. Rc3 $18 Qe7 20. Qf4) 19... Rac8 $11 {[%csl Gc8][%cal Rc7c2] [#]} 20. c3 $40 {[%mdl 128] White attacks.} Qc5 $2 {[%mdl 8192]} (20... Kh8 $11) 21. Qf4 $18 {And now Rd7 would win.} Qa5 22. Rd7 {White mates.} Qxa2 {[#]} 23. Rxg7+ $1 {[%mdl 512]} Kxg7 24. Rxf7+ Rxf7 25. Qxf7+ Kh8 26. Ng6# {Precision: White = 33%, Black = 19%.} 1-0

[Event "2nd Irena Warakomska Memorial-A"]
[Site "Suwalki"]
[Date "2018.08.08"]
[Round "9"]
[White "Jaroch, Karol"]
[Black "Krzywda, Andrzej"]
[Result "1-0"]
[WhiteElo "2222"]
[BlackElo "2296"]
[Annotator "TA"]
[PlyCount "65"]
[EventDate "2018.08.01"]
[EventType "swiss"]
[EventCountry "POL"]
[SourceTitle "playchess.com"]
[Source "ChessBase"]
[SourceQuality "1"]

{[%evp 26,65,-179,-227,-243,-290,-296,-383,0,-427,-430,-390,-195,-176,279,17,25,-202,650,645,644,647,654,654,653,647,635,623,691,682,872,834,1000,999,999,961,933,931,894,882,854,852]} 1. e4 c5 2. Nf3 d6 3. d4 cxd4 4. Nxd4 Nf6 5. Nc3 e6 6. Be3 a6 7. g4 e5 8. Nf5 g6 9. g5 gxf5 10. exf5 d5 {[%cal Bd6d5,Bd5d4,Bd4c3,Bc3b2][%mdl 32]} 11. Qf3 d4 12. O-O-O {B81: Sicilian Scheveningen: Keres Attack} Nbd7 13. gxf6 dxc3 14. Bc4 {LiveBook: 3 Games. Bxf7+! would kill now.Black is clearly better.} Qxf6 15. Qh5 Be7 16. f4 Nc5 $146 (16... cxb2+ $19 17. Kxb2 Rf8) ({Predecessor:} 16... Nf8 17. fxe5 Qxf5 18. Qh6 Be6 19. Rhf1 Qg6 {0-1 (32) Smirnov,P (2589)-Zherebukh,Y (2446) Voronezh 2008}) 17. Rd5 $2 {[%mdl 8192]} (17. Bxc5 $1 $11 Bxc5 18. Bxf7+ $1 {[%mdl 512]} Kf8 19. fxe5 Qxf5 20. Rhf1 cxb2+ 21. Kxb2 Qxh5 22. Bxh5+ Kg7 23. Rd5) 17... cxb2+ $19 18. Kb1 Ne4 (18... Na4 $142 19. Rxe5 Bd7) 19. Rxe5 {[#]} Nd6 $4 {[%mdl 8192] [#]} (19... Nc3+ $1 $19 {and life is good for Black.} 20. Kxb2 Na4+ 21. Kc1 Bd7) 20. Bd3 $2 ({Only move:} 20. Bc5 $1 $18 {[%cal Rc5d6]} O-O 21. Rhe1 Bxf5 22. Bxd6 Bxc2+ 23. Kxc2 Qxd6 24. Rxe7) 20... Bd7 {Hoping for ...Bc6.} 21. Bd4 $2 (21. Bb6 $1 $11 {and White has nothing to worry.}) 21... Kf8 $4 {[%mdl 8192]} (21... Bc6 $19 22. Bxb2 O-O-O) 22. Rd5 $18 {White is clearly winning.} Qh4 23. Qxh4 Bxh4 24. Rxd6 (24. Bxh8 Bc6 $18) 24... Bc6 25. Rxc6 ({Less strong is} 25. Bxh8 Bxh1 26. Rh6 (26. Kxb2 Rd8 $16) (26. Bxb2 Re8 $18) 26... Kg8 $18) 25... bxc6 26. Bxh8 f6 27. Rg1 Bf2 28. Rg7 Bd4 29. Rd7 Bc3 30. Bc4 Rb8 {[#]} 31. Bxf6 $1 Bxf6 32. Rf7+ Ke8 33. Rxf6 {Precision: White = 41%, Black = 24%.} 1-0

[Event "2nd Irena Warakomska Memorial-A"]
[Site "Suwalki"]
[Date "2018.08.08"]
[Round "9"]
[White "Pietruszewski, Marcin"]
[Black "Bykovskiy, Oleg"]
[Result "0-1"]
[WhiteElo "2208"]
[BlackElo "2263"]
[Annotator "TA"]
[PlyCount "116"]
[EventDate "2018.08.01"]
[EventType "swiss"]
[EventCountry "POL"]
[SourceTitle "playchess.com"]
[Source "ChessBase"]
[SourceQuality "1"]

{[%evp 20,116,0,0,9,0,86,83,89,71,83,74,109,18,54,53,239,0,49,0,99,0,0,0,0,-18,-28,-37,-17,-40,-27,-46,-24,-116,-116,-233,-222,-1558,-228,-29985,-29986,-29985,-376,-367,-372,-352,-341,-345,-320,-327,-248,-229,-135,-134,-145,-177,-178,-522,-517,-510,-501,-1123,-1118,-1056,-1056,-1056,-966,-700,-684,-2391,-2230,-1680,-1500,-2057,-1972,-29969,-29955,-29973,-29970,-29978,-29979,-29979,-29980,-29981,-29982,-29982,-29983,-29983,-29984,-29984,-29985,-29985,-29986,-29986,-29987,-29987,-29988,-29988,-29989]} 1. e4 e6 2. d4 b6 3. Nc3 Bb7 4. Bd3 Nf6 5. Nf3 Bb4 6. Qe2 d5 7. exd5 Bxc3+ 8. bxc3 Qxd5 9. O-O O-O 10. Bg5 {B00: Damenfianchetto, Nimzowitsch-Verteidigung} (10. Re1 Nbd7 11. a4 Qh5 12. Nd2 Qxe2 13. Bxe2 Ne4 14. Nxe4 Bxe4 15. Bd1 Nf6 16. a5 b5 17. Ba3 Rfb8 {1-0 (64) Zhang,Z (2619)-Zvjaginsev,V (2660) Berlin 2015}) 10... Nbd7 11. c4 {LiveBook: 3 Partien} Qa5 12. Ne5 {Die Stellung ist ausgeglichen.} h6 $146 (12... Nxe5 $11 {hält das Gleichgewicht.} 13. Qxe5 (13. dxe5 Nd7 $11) 13... Qxe5 14. dxe5 Nd7) ({Vorgänger:} 12... c5 13. Bd2 Qa4 14. c3 Nxe5 15. dxe5 Qc6 16. f3 Nd7 17. Rad1 Qc7 {½-½ (29) Fiala,V (2203)-Kuchynka,L (2287) Czechia 2011}) 13. Bd2 $16 Qa4 14. f4 Rad8 15. c3 c5 16. Rad1 (16. Be1 $1 $16) 16... Rfe8 17. Bc1 Nb8 $2 (17... Qa5 $14) 18. f5 $2 (18. g4 $18) 18... cxd4 19. cxd4 {Droht Df2 und aus.} Nc6 {[#]} (19... exf5 $1 $11 {bleibt in der Remisbreite.} 20. Qf2 Nc6 21. Nxc6 Bxc6) 20. Bb2 (20. Bc2 $1 $16 {[%cal Rc2a4]} Qa5 21. Ng4 Nxg4 22. Qxg4 exf5 23. Bxf5) 20... exf5 $11 ({Lieber nicht} 20... Qxa2 21. fxe6 Rxe6 22. Qf2 $18) (20... Nxd4 $2 21. Bxd4 Rxd4 22. Bc2 $18) 21. Bxf5 Qb4 22. Bb1 Nxe5 23. dxe5 Qc5+ 24. Kh1 {Schwarz muss nun Txd8 beachten.} Rxd1 25. Rxd1 Qc6 26. Qf2 (26. h3 $11) 26... Ng4 $17 {[%cal Bf6g4,Bg4f2,Bf2h3,Bh3f4][%mdl 32]} 27. Qc2 (27. Qe2 $17 Ne3 28. Rd4 Qxg2+ 29. Qxg2 Bxg2+ 30. Kg1) 27... g6 $19 28. Re1 $2 (28. Qe2 Nxe5 29. Bxe5) 28... Qc5 $2 (28... Qf6 {( -> ...Dh4)} 29. Qc3 {[#]} Rxe5 $1 {[%mdl 512]}) 29. e6 $2 (29. h3 $19 Ne3 30. Qc3 Nxg2 31. Be4 Nxe1 32. Bxb7) 29... Nf2+ 30. Kg1 Rxe6 $2 (30... Nh3+ {setzt Matt} 31. Kh1 Rxe6 32. Rd1 Re8 33. Qd2 Nf2+ 34. Kg1 Nxd1+ 35. Kf1 Ne3+ 36. Ke1 Nxc4+ 37. Kd1 Qg1+ 38. Kc2 Nxd2 39. Bf6 Re3 40. Bc3 Qxb1+ 41. Kxd2 Qd3+ 42. Kc1 Qxc3+ 43. Kd1 Re1#) 31. Rxe6 {jetzt Te8+ und aus.} Nh3+ $1 32. Kf1 Qg1+ 33. Ke2 {Droht Matt per Te8+.} Nf4+ 34. Kd2 {Beabsichtigt Te8+ und Matt.} Qxg2+ ({Weniger gut wäre} 34... fxe6 35. Qd1 $17) 35. Kc3 Qxc2+ ({Auf keinen Fall} 35... fxe6 36. Qd1 $17) (35... Qh3+ $19 36. Kb4 a5+ 37. Ka4 Nxe6) 36. Bxc2 $17 Nxe6 $19 {[%mdl 4096] Endspiel KLL-KLS} 37. Kb4 Bc6 38. Ba4 $2 (38. Be5 {ist eine bessere Chance.}) 38... Bxa4 39. Kxa4 {KL-KS} f5 {[%cal Bf7f5,Bf5f4,Bf4f3][%mdl 32]} 40. Kb5 (40. Be5 $142 f4 41. Kb3) 40... f4 {Droht stark ...f3.} 41. Be5 f3 42. Bg3 Nc5 43. a4 Kf7 44. Bf2 Ne4 45. Bd4 Nd6+ 46. Kb4 Ke6 47. c5 bxc5+ {Schwarz setzt Matt.} 48. Kxc5 Ne4+ 49. Kc6 f2 50. Bxf2 Nxf2 {KS-KBB} 51. a5 Nd3 52. Kb7 Kd7 53. Kxa7 Kc6 54. Kb8 Nc5 55. Kc8 g5 {[%cal Bg6g5,Bg5g4][%mdl 32]} 56. Kd8 g4 57. Ke7 h5 {[%cal Bh6h5,Bh5h4][%mdl 32]} 58. Kf6 h4 {Precision: Weiß = 26%, Schwarz = 59%.} 0-1